A history of education in East Africa / (Record no. 3340)

MARC details
000 -LEADER
fixed length control field 01036cam a2200325 a 4500
001 - CONTROL NUMBER
control field 12753152
003 - CONTROL NUMBER IDENTIFIER
control field OSt
005 - DATE AND TIME OF LATEST TRANSACTION
control field 20160330171754.0
008 - FIXED-LENGTH DATA ELEMENTS--GENERAL INFORMATION
fixed length control field 020312s2001 ug b 001 0 eng
010 ## - LIBRARY OF CONGRESS CONTROL NUMBER
LC control number 2001313043
020 ## - INTERNATIONAL STANDARD BOOK NUMBER
International Standard Book Number 9970022415
035 ## - SYSTEM CONTROL NUMBER
System control number (DLC) 2001313043
040 ## - CATALOGING SOURCE
Original cataloging agency DLC
Transcribing agency DLC
Modifying agency DLC
042 ## - AUTHENTICATION CODE
Authentication code lcode
043 ## - GEOGRAPHIC AREA CODE
Geographic area code fe-----
050 00 - LIBRARY OF CONGRESS CALL NUMBER
Classification number LA1556
Item number .S67 2001
082 00 - DEWEY DECIMAL CLASSIFICATION NUMBER
Classification number 370.676
Edition number 21
Item number SSE 2001
100 1# - MAIN ENTRY--PERSONAL NAME
Personal name Ssekamwa, J. C.
9 (RLIN) 7476
245 12 - TITLE STATEMENT
Title A history of education in East Africa /
Statement of responsibility, etc. J.C. Ssekamwa, S.M.E. Lugumba.
250 ## - EDITION STATEMENT
Edition statement 2nd ed.
260 ## - PUBLICATION, DISTRIBUTION, ETC. (IMPRINT)
Place of publication, distribution, etc. Kampala :
Name of publisher, distributor, etc. Fountain Publishers,
Date of publication, distribution, etc. 2001.
300 ## - PHYSICAL DESCRIPTION
Extent vi, 186 p. ;
Dimensions 21 cm.
440 #0 - SERIES STATEMENT/ADDED ENTRY--TITLE
Title Fountain series in education studies
9 (RLIN) 7477
504 ## - BIBLIOGRAPHY, ETC. NOTE
Bibliography, etc Includes bibliographical references (p. [179]-180) and index.
650 #0 - SUBJECT ADDED ENTRY--TOPICAL TERM
Topical term or geographic name as entry element Education
Geographic subdivision Africa, East
General subdivision History.
9 (RLIN) 7478
700 1# - ADDED ENTRY--PERSONAL NAME
Personal name Lugumba, S. M. E.
9 (RLIN) 7479
906 ## - LOCAL DATA ELEMENT F, LDF (RLIN)
a 7
b cbc
c origode
d 3
e ncip
f 20
g y-gencatlg
942 ## - ADDED ENTRY ELEMENTS (KOHA)
Source of classification or shelving scheme Dewey Decimal Classification
Koha item type Short Loan
Holdings
Withdrawn status Lost status Source of classification or shelving scheme Damaged status Not for loan Home library Current library Date acquired Inventory number Total Checkouts Full call number Barcode Date last seen Price effective from Koha item type Source of acquisition
    Dewey Decimal Classification     MUST Main Library MUST Main Library 30/03/2016 2005/23388   370.676 SSE 2001 2016-0544 30/03/2016 30/03/2016 Short Loan  
    Dewey Decimal Classification     MUST Main Library MUST Main Library 25/04/2016 05/23386   370.676 SSE 2001 2016-1271 25/04/2016 25/04/2016 Short Loan